00466nam a22001577a 4500003000600000005001700006008004100023020001800064050002200082082002300104100002300127245010400150260003700254300001100291562000600302PILC 20160106143445.0130307t xxu||||| |||| 00| 0 eng d a9780746077467 aQ123b.St865 2006 aIB 540.3bW49 2006 aStockley, Corrine  aThe usborne illustrated dictionary of chemistry cCorinne Stockley, Chris Oxlade, and Jane Wertheim aTulsa, Okla. :bEDC Pub.,cc2006 c25 cm  e1